Ekonomická lojalita
Vzťah ľudí k zverenému hmotnému majetku z hľadiska morálky a lojality.
Enregistré dans:
| Auteur principal: | |
|---|---|
| Autres auteurs: | |
| Format: | Chapitre de livre |
| Langue: | slovaque |
| Sujets: | |
| Tags: |
Pas de tags, Soyez le premier à ajouter un tag!
|
MARC
| LEADER | 00000naa a2200000 4500 | ||
|---|---|---|---|
| 001 | 0178826 | ||
| 005 | 20231011110748.4 | ||
| 041 | 0 | |a slo | |
| 044 | |a SK | ||
| 245 | 1 | 0 | |a Ekonomická lojalita |c Andrej Ferenczy, Miroslav Gajdoš |
| 520 | |a Vzťah ľudí k zverenému hmotnému majetku z hľadiska morálky a lojality. | ||
| 610 | 2 | 0 | |a lojálnosť zákazníkov |
| 610 | 2 | 0 | |a organizácie príspevkové |
| 610 | 2 | 0 | |a zamestnanci |
| 610 | 2 | 0 | |a zamestnávatelia |
| 610 | 2 | 0 | |a etika manažérska |
| 100 | 1 | |a Ferenczy, Andrej | |
| 700 | 1 | |a Gajdoš, Miroslav | |